000 00458cam a2200181ua 4500
041 _aeng
_h
082 _a307
_bWAR/SO
100 _aWarner, Lloyd.W .
245 _aSocial life of a modern community /
_cW.Lloyd Warner.
_hTextual Documents
250 _a1 /
_b.
260 _a :
_bNew haven yale university press ,
_c1959.
300 _a460 ; .
504 _a
700 1 _aLunt, Pauls .
942 _cBK
999 _c2304
_d2304